000 01087nam a2200229 u 4500
001 000511367
003 AM-YeHGA
005 20250617163210.0
008 061129s1960 ru cho r 000 1 rus d
040 _aAM-YeHGA
100 1 _aАввакум
_cпротопоп
_d1621-1682
245 1 0 _aЖитие протопопа Аввакума им самим написанное :
_bи другие его сочинения /
_cПротопоп Аввакум; Под общ.ред. Н.К. Гудзия; Вступ.ст. В.Е. Гусева.
260 _aМосква :
_bГос. изд-во худож. лит,
_c1960.
300 _a479 с., [5] л. илл. :
_bилл.
504 _aБиблиогр.: с. 470-474
650 1 4 _aРусская литература
_y17 век
650 1 4 _aСтарообрядчество
_xИстория
650 1 4 _aИстория
_zРусское государство
700 1 _aГудзий, Николай Каллиникович
_eред.
_4edt
_d1887-1965
700 1 _aГусев В.Е.
_eавт.вступ.ст.
_4aui
090 _c505924
999 _c502509
_d502509